000 00642nam a2200217 i 4500
001 bg
100 1 _aWALCZYK, Zbigniew
245 1 0 _aWytrzymałość materiałów :
_bteoria i przykłady.
_nT. 2 /
_cZbigniew Walczyk.
260 _aGdańsk :
_bWydaw. Politechniki Gdańskiej,
_c1999.
300 _a219, [1] s. :
_bil. ;
_c24 cm.
504 _aBibliogr.
650 9 _aWytrzymałość materiałów
655 _aPodręczniki akademickie
020 _a8388007149 (t. 2)
040 _cBPK
041 0 _apl
080 _a620.17:539.4](075.8)
920 _a83-88007-14-9 (t. 2)
942 _cKS
008 s pl f |000 0 pol
999 _c51926
_d51926
856 _uhttp://koha.tu.koszalin.pl/cgi-bin/koha/opac-detail.pl?biblionumber=51926
_yKatalog online BPK